La Colonia Tolstoyana /

Đã lưu trong:
Chi tiết về thư mục
Tác giả chính: Oelker L., Dieter
Định dạng: Không biết
Ngôn ngữ:Spanish
Những chủ đề:
Các nhãn: Thêm thẻ
Không có thẻ, Là người đầu tiên thẻ bản ghi này!

MARC

LEADER 000000000a22000000004500
001 003059
041 0 |a spa 
082 0 4 |a Artículo 43: Ampo 2 
100 1 |a Oelker L., Dieter 
245 1 3 |a La Colonia Tolstoyana /   |c Dieter Oelker L. 
500 |a Artículos recopilados por Álvaro Quesada Soto 
650 4 |a TOLSTOI, LEÓN NIKOLAIEVICH, 1828-1910 
650 4 |a ETICA SOCIAL 
650 4 |a DOCTRINAS 
773 0 |t Atenea  |g páginas 177-189 
942 |c ARC 
999 |c 15664  |d 15664